[Event "IECC Y2KO email"]
[Site "IECC email"]
[Date "1999.10.14"]
[Round "?"]
[White "Jeffrey, Jack Thomas"]
[Black "Cheblokov, Serj"]
[Result "0-1"]
[WhiteElo "1144"]
[BlackElo "1843"]
[PlyCount "64"]
[EventDate "1999.??.??"]
[EventType "tourn (corr)"]
[EventRounds "2"]
[SourceTitle "Corr 2008"]
[Source "ChessBase"]
[SourceDate "2008.06.24"]
[SourceVersion "1"]
[SourceVersionDate "2008.06.24"]
[SourceQuality "1"]

1. Nf3 Nf6 2. g3 b6 3. d4 Bb7 4. Bg2 e6 5. c4 c5 6. e3 cxd4 7. exd4 d5 8. cxd5 Nxd5 9. 0-0 Be7 10. Re1 0-0 11. Be3 Qc7 12. b3 Rc8 13. Qc1 Nc6 14. Nc3 Nxc3 15. Qxc3 Bb4 16. Qc1 Bxe1 17. Qxe1 Ne7 18. Bd2 Bd5 19. h3 Qb7 20. Qd1 Nf5 21. Be3 Rc3 22. Qe2 Rac8 23. Bd2 Bxf3 24. Bxc3 Bxg2 25. Rc1 Bxh3 26. f3 Nxd4 27. Qd1 Nxf3+ 28. Kf2 Ng5 29. Ke1 Qh1+ 30. Kf2 Qg2+ 31. Ke1 Ne4 32. Qe2 Qg1+ 0-1

[Event "IECC CL3-1999.25"]
[Site "IECC email"]
[Date "1999.06.21"]
[Round "?"]
[White "Borst, John C"]
[Black "Cheblokov, Serj"]
[Result "1/2-1/2"]
[WhiteElo "1964"]
[BlackElo "1850"]
[PlyCount "56"]
[EventDate "1999.??.??"]
[EventType "tourn (corr)"]
[EventRounds "4"]
[SourceTitle "Corr 2008"]
[Source "ChessBase"]
[SourceDate "2008.06.24"]
[SourceVersion "1"]
[SourceVersionDate "2008.06.24"]
[SourceQuality "1"]

1. e4 c5 2. c3 Nf6 3. e5 Nd5 4. Nf3 d6 5. Bc4 Nb6 6. Bb3 Nc6 7. d4 cxd4 8. cxd4 dxe5 9. d5 Na5 10. Nc3 Nxb3 11. Qxb3 e6 12. Nxe5 Nxd5 13. Qb5+ Bd7 14. Qxb7 Bb4 15. 0-0 Qc8 16. Qxd7+ Qxd7 17. Nxd7 Nxc3 18. bxc3 Bxc3 19. Rb1 Kxd7 20. Rb7+ Kc6 21. Rxf7 Rhf8 22. Re7 Rfe8 23. Rxe8 Rxe8 24. Be3 Bf6 25. Rb1 Rd8 26. Rc1+ Kb5 27. Kf1 a5 28. Ke2 Kb4 1/2-1/2

[Event "IECC CL3-1999.25"]
[Site "IECC email"]
[Date "1999.06.21"]
[Round "?"]
[White "Cheblokov, Serj"]
[Black "Martin, Dennis"]
[Result "1-0"]
[WhiteElo "1830"]
[BlackElo "1778"]
[PlyCount "99"]
[EventDate "1999.??.??"]
[EventType "tourn (corr)"]
[EventRounds "4"]
[SourceTitle "Corr 2008"]
[Source "ChessBase"]
[SourceDate "2008.06.24"]
[SourceVersion "1"]
[SourceVersionDate "2008.06.24"]
[SourceQuality "1"]

1. e4 e5 2. Nf3 Nc6 3. Bb5 a6 4. Ba4 b5 5. Bb3 Nf6 6. 0-0 Bc5 7. a4 b4 8. Nxe5 Nxe5 9. d4 Bxd4 10. Qxd4 Nc6 11. Qc5 Bb7 12. e5 d6 13. exd6 0-0 14. dxc7 Qxc7 15. c3 bxc3 16. Nxc3 Rfe8 17. Be3 Rad8 18. Rac1 Ng4 19. Qh5 Nf6 20. Qh4 Qb8 21. Bc2 Ne5 22. Bg5 Ned7 23. Rfe1 Rxe1+ 24. Rxe1 Re8 25. Rxe8+ Qxe8 26. Bd2 Ne5 27. b4 Qe6 28. b5 axb5 29. axb5 Qc4 30. Qxc4 Nxc4 31. Bf4 Nd5 32. Nxd5 Bxd5 33. Bc7 Bb7 34. f3 Ne3 35. Be4 Bxe4 36. fxe4 Nc4 37. Kf2 Nd2 38. Ke3 Nb3 39. Bb6 Kf8 40. Kd3 Na1 41. Kc3 Ke7 42. Kb2 Kd7 43. Kxa1 Kc8 44. Kb2 Kb7 45. Bc5 h5 46. Kc3 Kc8 47. Kd4 Kc7 48. Kd5 Kb7 49. Kd6 h4 50. e5 1-0

[Event "IECC CL3-1999.25"]
[Site "IECC email"]
[Date "1999.06.21"]
[Round "?"]
[White "De Leeuw, Dirk"]
[Black "Cheblokov, Serj"]
[Result "1/2-1/2"]
[WhiteElo "1944"]
[BlackElo "1856"]
[PlyCount "113"]
[EventDate "1999.??.??"]
[EventType "tourn (corr)"]
[EventRounds "4"]
[SourceTitle "Corr 2008"]
[Source "ChessBase"]
[SourceDate "2008.06.24"]
[SourceVersion "1"]
[SourceVersionDate "2008.06.24"]
[SourceQuality "1"]

1. d4 Nf6 2. c4 e6 3. Nf3 a6 4. Nc3 c5 5. d5 b5 6. Bg5 b4 7. Ne4 d6 8. a3 Be7 9. Bxf6 gxf6 10. axb4 f5 11. Ned2 cxb4 12. Qa4+ Nd7 13. Nd4 Qb6 14. dxe6 Qxd4 15. exd7+ Bxd7 16. Qxb4 0-0 17. e3 Qf6 18. Qb7 Rfd8 19. Be2 Rab8 20. Qxa6 Rxb2 21. Ra2 Rdb8 22. 0-0 d5 23. Rxb2 Rxb2 24. Qa8+ Bf8 25. Rd1 dxc4 26. Bxc4 Bc6 27. Qa6 Qg6 28. Bf1 Bb7 29. Qd3 Qe6 30. Nc4 Rb5 31. Qd8 Rd5 32. Rxd5 Qxd5 33. Qxd5 Bxd5 34. Nb6 Be6 35. Bc4 Bd6 36. g3 Bc7 37. Bxe6 fxe6 38. Nc4 e5 39. f4 exf4 40. gxf4 Kf7 41. Kf2 Ke6 42. Ke2 Kd5 43. Kd3 Ke6 44. Na3 Kf6 45. Nb5 Ba5 46. e4 fxe4+ 47. Kxe4 Bb6 48. Nc3 Bg1 49. Nd5+ Ke6 50. f5+ Kf7 51. h4 Bf2 52. h5 Bg3 53. Kf3 Bd6 54. Kg4 h6 55. Kh3 Kg7 56. Kg2 Bc5 57. Kf3 1/2-1/2

[Event "IECC Swiss email"]
[Site "IECC email"]
[Date "1999.06.16"]
[Round "?"]
[White "Cheblokov, Serj"]
[Black "Medairy, Chuck"]
[Result "1/2-1/2"]
[WhiteElo "1860"]
[BlackElo "1429"]
[PlyCount "65"]
[EventDate "1999.??.??"]
[EventType "tourn (corr)"]
[EventRounds "6"]
[SourceTitle "Corr 2008"]
[Source "ChessBase"]
[SourceDate "2008.06.24"]
[SourceVersion "1"]
[SourceVersionDate "2008.06.24"]
[SourceQuality "1"]

1. e4 e5 2. Nf3 Nc6 3. Bb5 a6 4. Ba4 Nf6 5. 0-0 Be7 6. Re1 b5 7. Bb3 d6 8. c3 0-0 9. h3 Bd7 10. d4 Re8 11. Ng5 Rf8 12. Qd3 Na5 13. Bc2 c5 14. d5 Ne8 15. Qg3 f5 16. exf5 Bxf5 17. Bxf5 Rxf5 18. Ne4 Nc7 19. Qd3 Qf8 20. b4 Nb7 21. a4 c4 22. Qd1 Qf7 23. axb5 axb5 24. Rxa8+ Nxa8 25. Qg4 h5 26. Qe2 Qxd5 27. Rd1 Qe6 28. Ng3 Rf7 29. Qxh5 Nc7 30. Re1 Qf6 31. Re2 Qe6 32. Re1 Qf6 33. Re2 1/2-1/2